| 000 | 00935nam a22002057a 4500 | ||
|---|---|---|---|
| 008 | 100805s1976 ua|||||r|||| 001 0 ara d | ||
| 020 | _a9772011182 | ||
| 082 |
_a320.54 _bك ا م |
||
| 100 |
_917088 _aكامل، محمود |
||
| 245 |
_aالإسلام والعروبة: _b/تحليل لعوامل الوحدة بين عشرين دولة عربية _cمحمود كامل |
||
| 260 |
_aمصر: _b الهيئة المصرية العامة للكتاب، _c1976 |
||
| 300 |
_a457 ص: _bخريطة؛ _c24سم |
||
| 504 | _aببليوجرافية:ص437-447 | ||
| 541 |
_a؛ألف باء _cشراء ؛ |
||
| 650 |
_916953 _aالعروبة |
||
| 650 |
_913384 _aالقومية العربية |
||
| 650 |
_917296 _aالوحدة العربية |
||
| 942 |
_2ddc _cBB |
||
| 999 |
_c14621 _d14621 |
||